• 首页
  • 本馆介绍
  • 公告通知
  • 最新文献
  • 馆藏检索
  • 电子资源
  • 读者导购
  • 参考咨询
  • 我的图书馆
  • 登录
  • 详细信息显示
  • 放入我的书架
  • 预约/预借图书
  • 作者相关作品
  • 分类相关作品
  • 丛书相关作品
  • 出版社相关作品

书目信息

  • 表格格式
  • 工作单格式
  • 卡片格式
题名:
单元教学探索
    
 
作者: 季洪旭 主编
分册:  
出版信息: 上海   华东师范大学出版社  2019.11
页数: 323页
开本: 24cm
丛书名:
单 册:
中图分类: G632.3
科图分类:
主题词: 课程--ke cheng--教学设计--高中
电子资源:
ISBN: 978-7-5675-9738-9
000 00914nam0 2200241 450
001 0109110049
005 20201109110333.0
010    @a978-7-5675-9738-9@dCNY68.00
100    @a20200408e20202019em y0chiy50 ea
101 0  @achi
102    @aCN@b310000
105    @ay z 000yy
106    @ar
200 1  @a单元教学探索@Adan yuan jiao xue tan suo@e基于理解的逆向教学设计案例@f季洪旭主编
210    @a上海@c华东师范大学出版社@d2019.11@h2020.07
215    @a323页@d24cm
330    @a本书呈现了语文、数学、英语、物理、化学等各学科老师对基于理解的逆向教学设计的探索,理论与实践融合,设计与应用并举,展现了教师的智慧与思考,促进了教师的专业成长。
517 1  @a基于理解的逆向教学设计案例@Aji yu li jie de ni xiang jiao xue she ji an li
606 0  @a课程@Ake cheng@x教学设计@x高中
690    @aG632.3@v5
701  0 @a季洪旭@Aji hong xu@4主编
801  0 @aCN@bBJSZM@c20201103
905    @b1265551-5@dG632.3@e1005@f5
    
    单元教学探索:基于理解的逆向教学设计案例/季洪旭主编.-上海:华东师范大学出版社,2019.11(2020.07)
    323页;24cm
    
    
    ISBN 978-7-5675-9738-9:CNY68.00
    本书呈现了语文、数学、英语、物理、化学等各学科老师对基于理解的逆向教学设计的探索,理论与实践融合,设计与应用并举,展现了教师的智慧与思考,促进了教师的专业成长。
●
相关链接 在E读中查询图书 在五车中查询图书 在当当中查询图书 在豆瓣中查询图书


正题名:单元教学探索     索取号:G632.3/1005         预约/预借

序号 登录号 条形码 馆藏地/架位号 状态 备注
1 1265551   212655517   第一样本阅览室/ [索取号:G632.3/1005] 在馆    
2 1265552   212655526   教育系资料室/ [索取号:G632.3/1005] 在馆    
3 1265553   212655535   教育系资料室/ [索取号:G632.3/1005] 在馆    
4 1265554   212655544   第四借阅区/ [索取号:G632.3/1005] 在馆    
5 1265555   212655553   第四借阅区/ [索取号:G632.3/1005] 在馆    
唐山师范学院图书馆 欢迎您!
大连网信软件有限公司© 版权所有